Cultura Geral 3 - Statistics

Estatísticas Gerais
  • Esse quiz foi jogado 510 vezes
  • A pontuação média é 10 de 15
Estatísticas das Respostas
Hint Resposta % Correto
Qual a capital de Portugal? Lisboa
94%
Qual a capital da Grécia? Atenas
93%
Quem era o namorado da Barbie? Ken
93%
Em que oceano fica Madagascar? Índico
92%
Qual o metal cujo símbolo químico é o Au? Ouro
83%
Quais são os cromossomos que determinam o sexo masculino? Y
77%
Quem escreveu Romeu e Julieta? Shakespeare
75%
Quem era o vocalista dos Queen? Freddy Mercury
73%
De que país é Beethoven? Áustria
65%
Qual é o nome da maior empresa de tecnologia da Coréia do Sul? Samsung
62%
De que país são os U2? Irlanda
52%
Como se chama a rainha de Inglaterra? Isabel II
42%
Qual é o maior arquipélago da Terra? Indonésia
37%
Jim Morrison era vocalista de que grupo? The Doors
30%
Quem é a campeã de judô em Portugal? Telma Monteiro
24%
Nenhum quiz correspondente encontrado
Distribuição das Pontuações
Porcentagem de Pessoas com Cada Pontuação
Percentil de Números Respondidos
Sua Pontuação Histórica
Você não jogou esse quiz